IL ritorno a casa : Poética & Cristianesimo 2005
Uloženo v:
| Hlavní autor: | |
|---|---|
| Médium: | Kniha |
| Jazyk: | Undetermined |
| Vydáno: |
Roma, Italia
Edizioni Università della Santa Croce
2006
|
| Témata: | |
| Tagy: |
Přidat tag
Žádné tagy, Buďte první, kdo vytvoří štítek k tomuto záznamu!
|
MARC
| LEADER | 00000nam a2200000Ia 4500 | ||
|---|---|---|---|
| 008 | 170316s9999 xx 000 0 und d | ||
| 999 | |c 8187 |d 8187 | ||
| 040 | |a cru BVZT | ||
| 090 | |a 850 P-11i | ||
| 100 | |a Pontificia Università della Santa Croce | ||
| 245 | |a IL ritorno a casa : Poética & Cristianesimo 2005 | ||
| 260 | |a Roma, Italia |b Edizioni Università della Santa Croce |c 2006 | ||
| 300 | |a 467 páginas | ||
| 650 | |a LITERATURA ITALIANA |9 212 | ||
| 650 | |a EN IDIOMA ITALIANO Y ESPAÑOL | ||
| 650 | |a DON PABLOS | ||
| 650 | |a DON QUIJOTE | ||
| 650 | |a JUAN MANUEL DE PRADA | ||
| 650 | |a CRISTIANISMO | ||
| 650 | |a EL MODERNISMO | ||
| 650 | |a POÉTICA |9 226 | ||
| 942 | |c 15 D |h 850 P-11i |2 z | ||
